000 00654nam a22002537a 4500
003 UA-OsUOA
001 27466
007 ta
008 20040702b un ||||| |||| 00| 0 ukr d
090 _a343.2
_bУ26
942 _cBK
040 _aUA-OsUOA
_brus
_cUA-OsUOA
_dUA-OsUOA
245 _aУголовное право. Общая часть
_bУчебник
_cРед. И.Я.Козаченко
300 _a576 с.
955 _a0
041 _arus
080 _a343.2
020 _a5-89123-510-2
260 _aМосква
_bНорма
_c2004
044 _aRU
250 _n3-е изд., испр. и доп.
650 7 _2UDC
999 _c313811
_d313811